Des fonctions et des graphes

محفوظ في:
التفاصيل البيبلوغرافية
المؤلفون الرئيسيون: Bernard, René (مؤلف), Faure, Christian (مؤلف), Nouazé, Yvon (مؤلف), Trouche, Luc (مؤلف)
مؤلفون آخرون: Noguès, Maryse (auteur)
التنسيق: كتاب
اللغة:الفرنسية
منشور في: Montpellier Irem de Montpellier 1995
الموضوعات:
الوسوم: إضافة وسم
لا توجد وسوم, كن أول من يضع وسما على هذه التسجيلة!

MARC

LEADER 00000nam a2200000 a 4500
001 UCZ7023
003 CL-VaPUC
008 951222e19950000FR |||||||||||||||||fre|d
082 0 4 |a 515  |b BER  |2 21 
100 0 |a Bernard, René  |e author  |9 351716 
700 0 |a Faure, Christian  |e author  |9 351717 
700 |a Noguès, Maryse  |e auteur  |9 351713 
700 0 |a Nouazé, Yvon  |e author  |9 351719 
700 0 |a Trouche, Luc  |e author  |9 351720 
245 1 0 |a Des fonctions et des graphes 
300 |a 122 p 
942 |c BK 
945 |d 19951222 00:00:00  |a rleighto 
260 |a Montpellier  |b Irem de Montpellier  |c 1995 
650 0 |a Matemática  |9 260235 
650 0 |a Funciones (Matemáticas)  |9 338128 
650 0 |a Teoría de grafos  |9 269886 
650 0 |a Matemáticas  |x Enseñanza  |9 875527 
583 |a last modification  |c 19951222 00:00:00  |k Rodrigo Vera 
999 |c 243155  |d 243153 
952 |0 0  |1 0  |4 0  |6 515_000000000000000_BER_1995  |7 0  |8 A  |9 256618  |a BIBMAT  |b BIBMAT  |d 2019-11-19  |i 3163520  |o 515 BER 1995  |p 3163520  |r 2025-01-07  |w 2019-11-19  |y BK  |k MAT